000 00366pab a2200145 454500
008 180718b1984 xxu||||| |||| 00| 0 eng d
100 _aDeolankar, V.S.
245 _aSelection of appropriate technology
260 _c1984
300 _a14-22
362 _aJan.-Feb.
650 _aTechnology - Underdeveloped Areas
773 _aChanging Villages
909 _a19176
999 _c19176
_d19176